| 000 | 00458nam a22001457a 4500 | ||
|---|---|---|---|
| 008 | 161126b xxu||||| |||| 00| 0 eng d | ||
| 020 | _a978-1-63239-155-1 | ||
| 082 |
_22015 _aDC 363.7 _bEa76 |
||
| 245 |
_aEarth and environmental sciences/ _cedited by John Wayne |
||
| 260 |
_aNew York: _bCallisto Reference, _cc2015. |
||
| 300 |
_avi, 260 pages : _billustrations ; _c23 cm. |
||
| 650 | 0 |
_917853 _aEnvironmental sciences |
|
| 365 |
_b6,210 _cPhp |
||
| 942 |
_2ddc _cDC |
||
| 999 |
_c5890 _d5890 |
||